États des États-Unis bordant le golfe du Mexique - Statistiques

Statistiques générales
  • Ce quiz a été pris 34 fois
  • Le résultat moyen est 5 sur 5
Statistiques - réponses
États % Correct
Texas
100%
Louisiane
97%
Floride
94%
Mississippi
82%
Alabama
79%
Aucun quiz correspondant
Distribution des résultats
% des personnes avec chaque résultat
Percentile par nombre de réponses
Votre historique - résultats
Vous n’avez pas pris ce quiz